Musicians to City - Statistics

General Stats
  • This quiz has been taken 66 times
  • The average score is 11 of 15
Answer Stats
Hint Answer % Correct
Rihanna Saint Michael, Barbados
95%
John Lennon Liverpool, England
89%
Eminem Detroit, Michigan
88%
Michael Jackson Gary, Indiana
82%
Elvis Tupelo, Mississippi
79%
Kurt Cobain Aberdeen, Washington
77%
Brian Wilson Inglewood, California
77%
Louis Armstrong New Orleans, Louisiana
77%
Prince Minneapolis, Minnesota
74%
David Gilmour Cambridge, England
63%
50 Cent New York City, New York
63%
Amy Winehouse Camden, London, England
58%
Adele Tottenham, London, England
58%
Stevie Ray Vaughan Dallas, Texas
56%
Frank Sinatra Hoboken, New Jersey
54%
No matching quizzes found
Score Distribution
Percent of People with Each Score
Percentile by Number Answered
Your Score History
You have not taken this quiz